000 00307nam a2200133Ia 4500
005 20251222143239.0
008 251222s9999||||xx |||||||||||||| ||spa||
020 _a950-49-1078-5
082 _a158.1/R52
100 _aRibeiro, Lair
245 0 _aInteligencia Aplicada:
264 _bPlaneta
942 _cLIB
999 _c14487
_d14487